Chemical engineering plant design (Record no. 18678)

000 -LEADER
fixed length control field 00563nam a22002051 4500
001 - CONTROL NUMBER
control field 18678
003 - CONTROL NUMBER IDENTIFIER
control field BD-DhUET
008 - FIXED-LENGTH DATA ELEMENTS--GENERAL INFORMATION
fixed length control field 840411s1959 nyua 000 0 eng
040 ## - CATALOGING SOURCE
Original cataloging agency DLC/ICU
Transcribing agency ICU
Modifying agency BD-DhUET
082 00 - DEWEY DECIMAL CLASSIFICATION NUMBER
Classification number 660.28
Item number VIL/1959
100 1# - MAIN ENTRY--PERSONAL NAME
Personal name Vilbrandt, Frank C.
245 10 - TITLE STATEMENT
Title Chemical engineering plant design
250 ## - EDITION STATEMENT
Edition statement 4th ed.
260 ## - PUBLICATION, DISTRIBUTION, ETC. (IMPRINT)
Place of publication, distribution, etc. New York
Name of publisher, distributor, etc. McGraw-Hill
Date of publication, distribution, etc. 1959
300 ## - PHYSICAL DESCRIPTION
Extent 534 p.
Other physical details illus.
Dimensions 24 cm.
490 0# - SERIES STATEMENT
Series statement McGraw-Hill series in chemical engineering
650 #0 - SUBJECT ADDED ENTRY--TOPICAL TERM
Topical term or geographic name as entry element Chemical engineering
700 ## - ADDED ENTRY--PERSONAL NAME
Personal name Dryden, Charles E.
942 ## - ADDED ENTRY ELEMENTS (KOHA)
Koha item type General Book
Holdings
Location (home branch) Sublocation or collection (holding branch) Koha item type Copy number Source of classification or shelving scheme Damaged status Koha date last seen Withdrawn status Date acquired Shelving location Koha full call number Not for loan Koha normalized classification for sorting Lost status Piece designation (barcode) Price effective from
Central Library, BUETCentral Library, BUETGeneral Book1  2015-03-31 2015-03-31Circulation section660.28/VIL/1959 660_280000000000000_VIL_1959 163702015-03-31
Central Library, BUETCentral Library, BUETGeneral Book2  2015-03-31 2015-03-31Circulation section660.28/VIL/1959 660_280000000000000_VIL_1959 244672015-03-31
Central Library, BUETCentral Library, BUETContented Book 3  2015-03-31 2015-03-31Circulation section660.28/VIL/1959 660_280000000000000_VIL_1959 244682015-03-31
Central Library, BUETCentral Library, BUETGeneral Book4  2015-03-31 2015-03-31Circulation section660.28/VIL/1959 660_280000000000000_VIL_1959 163692015-03-31
Central Library, BUETCentral Library, BUETGeneral Book5  2015-05-14 2015-05-14Circulation section660.28/VIL/1959 660_280000000000000_VIL_1959 10602015-05-14
Central Library, BUETCentral Library, BUETGeneral Book6  2015-05-14 2015-05-14Circulation section660.28/VIL/1959 660_280000000000000_VIL_1959 112292015-05-14
Central Library, BUETCentral Library, BUETReading Item7  2015-06-18 2015-06-18Reading section660.28/VIL/1959 660_280000000000000_VIL_1959 112312015-06-18